000 00533nam a2200157 a 4500
008 120416s1965 ||||||||||||||||| || u
050 _aTA 407 Dal
100 _aDally, James W
245 1 0 _aExperimental stress analysis
260 _aNew York:
_bMcGraw-Hill
_c1965
300 _axvii, 520p. : ill.
350 _a0.00
650 _aSTRESS
650 _aSTRESS ANALYSIS
995 _D0.00
_FCBU-MAIN LIBRARY (Kitwe)
_H1
_I0.00
_M1
_UDAMAGED
_WJun 10, 2009
_ZMain Library Open Access Collection
999 _c42900
_d42900